[Event "36th Reggio Emilia it"]
[Site "Reggio Emilia ITA"]
[Date "1993.??.??"]
[Round "7"]
[White "Cvitan, Ognjen"]
[Black "Kozul, Zdenko"]
[Result "0-1"]
[WhiteElo "2550"]
[BlackElo "2595"]
[EventDate "1993.12.??"]
[PlyCount "62"]

1.Nf3 Nf6 2.c4 g6 3.g3 Bg7 4.Bg2 d5 5.cxd5 Nxd5 6.d4 Nb6 7.Nc3 Nc6 8.e3 
O-O 9.O-O Re8 10.Re1 h6 11.h3 a5 12.Qe2 a4 13.Rd1 Be6 14.Nd2 Ra5 15.Nde4 
Qc8 16.Kh2 Bc4 17.Qc2 e5 18.dxe5 Nb4 19.Qd2 Raxe5 20.f4 R5e7 21.Nc5 Rxe3 
22.Qxe3 Rxe3 23.Bxe3 Nc2 24.Nxb7 Nd7 25.Rxd7 Qxd7 26.Rd1 Qe6 27.Bf2 Bxc3 
28.bxc3 Qe2 29.Rd8+ Kh7 30.Kg1 Ne1 31.Nc5 Nf3+ 0-1

[Event "36th Reggio Emilia it"]
[Site "Reggio Emilia ITA"]
[Date "1993.??.??"]
[Round "7"]
[White "Godena, Michele"]
[Black "Cebalo, Miso"]
[Result "1-0"]
[WhiteElo "2505"]
[BlackElo "2510"]
[EventDate "1993.12.??"]
[PlyCount "91"]

1.e4 c5 2.Nf3 d6 3.d4 cxd4 4.Qxd4 Nc6 5.Bb5 Bd7 6.Bxc6 Bxc6 7.c4 Nf6 8.Nc3
e6 9.O-O Be7 10.b3 O-O 11.Bb2 a6 12.a4 e5 13.Qe3 Ng4 14.Qd3 f5 15.exf5 Nh6
16.Nd5 Nxf5 17.Rad1 Qe8 18.c5 Qh5 19.cxd6 Bxd6 20.Bxe5 Rad8 21.Bxd6 Rxd6 
22.Qc4 Kh8 23.Nf4 Qh6 24.Ne5 Be8 25.g3 Qf6 26.Rxd6 Qxd6 27.Qe6 Qb4 28.Rd1 
Nd4 29.Qd5 Nc6 30.Nd7 Rf7 31.Nc5 Re7 32.Nfe6 Bf7 33.Qd6 h6 34.Nd8 Re1+ 35.
Rxe1 Qxe1+ 36.Kg2 Bh5 37.Nxc6 Be2 38.Qf8+ Kh7 39.Qf5+ Kh8 40.Qf8+ Kh7 41.
Qf5+ Kh8 42.h4 bxc6 43.Ne6 Qc3 44.Qf7 Bd1 45.h5 Kh7 46.Qg6+ 1-0

[Event "36th Reggio Emilia it"]
[Site "Reggio Emilia ITA"]
[Date "1993.??.??"]
[Round "7"]
[White "Manca, Federico"]
[Black "Contin, Daniel"]
[Result "1-0"]
[WhiteElo "2390"]
[BlackElo "2385"]
[EventDate "1993.12.??"]
[PlyCount "59"]

1.e4 e6 2.d4 d5 3.Nc3 Bb4 4.e5 c5 5.a3 Bxc3+ 6.bxc3 Ne7 7.Nf3 Bd7 8.a4 Qa5
9.Qd2 Nbc6 10.Be2 f6 11.exf6 gxf6 12.Ba3 cxd4 13.Nxd4 Nxd4 14.Qxd4 e5 15.
Qd2 Qxa4 16.O-O Qc6 17.c4 dxc4 18.Bf3 Qe6 19.Bxe7 Qxe7 20.Bxb7 Rd8 21.Rxa7
O-O 22.Be4 Qe8 23.Qe2 Rf7 24.Rd1 Be6 25.Rxd8 Qxd8 26.Ra8 Bc8 27.Bf5 Rc7 
28.Bxc8 Qd4 29.Be6+ Kg7 30.Qh5 1-0

[Event "36th Reggio Emilia it"]
[Site "Reggio Emilia ITA"]
[Date "1993.??.??"]
[Round "8"]
[White "Arlandi, Ennio"]
[Black "Cvitan, Ognjen"]
[Result "1/2-1/2"]
[WhiteElo "2440"]
[BlackElo "2550"]
[EventDate "1993.12.??"]
[PlyCount "44"]

1.d4 Nf6 2.c4 g6 3.Nc3 Bg7 4.e4 d6 5.Nf3 O-O 6.Be2 e5 7.Be3 c6 8.dxe5 dxe5
9.Qxd8 Rxd8 10.Nxe5 Nxe4 11.Nxe4 Bxe5 12.Bg5 Re8 13.Nf6+ Bxf6 14.Bxf6 Bf5 
15.Kd2 Nd7 16.Bh4 Re4 17.Bg5 Rae8 18.Rhe1 Nc5 19.f3 R4e6 20.Bf1 Rxe1 21.
Rxe1 Rxe1 22.Kxe1 Nd3+ 1/2-1/2

[Event "36th Reggio Emilia it"]
[Site "Reggio Emilia ITA"]
[Date "1993.??.??"]
[Round "8"]
[White "Borgo, Giulio"]
[Black "Manca, Federico"]
[Result "0-1"]
[WhiteElo "2370"]
[BlackElo "2390"]
[EventDate "1993.12.??"]
[PlyCount "78"]

1.e4 d6 2.d4 Nf6 3.Nc3 g6 4.Nf3 Bg7 5.Be2 O-O 6.O-O Bg4 7.h3 Bxf3 8.Bxf3 
Nc6 9.Ne2 e5 10.c3 Qe8 11.Qd3 Kh8 12.Bd2 Ng8 13.d5 Nce7 14.c4 Bh6 15.Bc3 
f5 16.g3 Nf6 17.Bg2 Qd7 18.exf5 gxf5 19.f4 e4 20.Qe3 c6 21.dxc6 bxc6 22.
Rfd1 Bg7 23.Bf1 d5 24.c5 Rg8 25.Nd4 Nh5 26.Kh1 Bf6 27.Be1 Rg6 28.Be2 Rh6 
29.Kh2 Rg8 30.Bf2 Ng7 31.Rd2 Ne6 32.Qc3 Ng6 33.Be3 Qg7 34.Nxe6 Bxc3 35.
Nxg7 Bxg7 36.g4 fxg4 37.Bxg4 Ne7 38.Rg1 Rf6 39.Rdg2 Bh6 {time} 0-1

[Event "36th Reggio Emilia it"]
[Site "Reggio Emilia ITA"]
[Date "1993.??.??"]
[Round "8"]
[White "Cebalo, Miso"]
[Black "Sarno, Spartaco"]
[Result "1-0"]
[WhiteElo "2510"]
[BlackElo "2390"]
[EventDate "1993.12.??"]
[PlyCount "77"]

1.Nf3 Nf6 2.c4 c5 3.Nc3 Nc6 4.g3 d5 5.cxd5 Nxd5 6.Bg2 Nc7 7.O-O e5 8.a3 f6
9.d3 Be6 10.Nd2 Qd7 11.Qa4 Nd5 12.Nc4 Rb8 13.Bxd5 Bxd5 14.Be3 Be7 15.Qb5 
b6 16.Nxd5 Qxd5 17.b4 O-O 18.Rab1 f5 19.f3 h5 20.bxc5 Bxc5 21.Kg2 h4 22.
Bxc5 bxc5 23.Qa4 Rxb1 24.Rxb1 Nd4 25.Ne3 Qa8 26.Qc4+ Kh8 27.Qxc5 f4 28.
Qxe5 h3+ 29.Kxh3 Nxf3 30.Qh5+ Kg8 31.Qd5+ Qxd5 32.Nxd5 Nd4 33.Nxf4 g5 34.
Nd5 Nxe2 35.Rb7 Rf3 36.Kg4 Rxd3 37.Nf6+ Kf8 38.Kxg5 Nxg3 39.Kg6 1-0

[Event "36th Reggio Emilia it"]
[Site "Reggio Emilia ITA"]
[Date "1993.??.??"]
[Round "8"]
[White "Contin, Daniel"]
[Black "Belotti, Bruno"]
[Result "1/2-1/2"]
[WhiteElo "2385"]
[BlackElo "2410"]
[EventDate "1993.12.??"]
[PlyCount "87"]

1.c4 e5 2.Nc3 d6 3.g3 f5 4.Bg2 Nf6 5.d3 Be7 6.Rb1 a5 7.e3 O-O 8.Nge2 Kh8 
9.O-O c6 10.f4 Na6 11.a3 Be6 12.b4 axb4 13.axb4 e4 14.Nd4 Qd7 15.Na4 Bd8 
16.b5 Nc5 17.bxc6 bxc6 18.Nxc5 dxc5 19.Nxe6 Qxe6 20.Rb7 Re8 21.Bb2 Qc8 22.
Rb3 exd3 23.Qxd3 Ne4 24.Rb1 Qe6 25.Rb7 Bf6 26.Bxe4 fxe4 27.Qc2 h6 28.f5 
Qxf5 29.Rf1 Qc8 30.Rf7 Bxb2 31.Qxb2 Qg4 32.R1f4 Qg6 33.Rb7 Rg8 34.Qe5 Rae8
35.Qxc5 Re6 36.Rd7 Kh7 37.Qd4 Kh8 38.c5 Qh5 39.Rf8 Qg6 40.Rxg8+ Kxg8 41.
Rd8+ Kh7 42.Rd6 Qg4 43.Rxe6 Qxe6 44.Qd6 1/2-1/2

[Event "36th Reggio Emilia it"]
[Site "Reggio Emilia ITA"]
[Date "1993.??.??"]
[Round "8"]
[White "Tatai, Stefano"]
[Black "Godena, Michele"]
[Result "1/2-1/2"]
[WhiteElo "2440"]
[BlackElo "2505"]
[EventDate "1993.12.??"]
[PlyCount "110"]

1.e4 c5 2.Nf3 Nc6 3.Bb5 d6 4.O-O Bd7 5.c3 Nf6 6.Re1 a6 7.Ba4 b5 8.Bc2 e5 
9.h3 g6 10.d4 Bg7 11.dxe5 dxe5 12.Bg5 h6 13.Be3 Qe7 14.Qc1 Na5 15.a4 b4 
16.Nbd2 Rc8 17.Bd3 c4 18.Bf1 O-O 19.Bb6 Nb3 20.Nxb3 cxb3 21.Bxa6 Ra8 22.
Bf1 Rfc8 23.a5 bxc3 24.bxc3 Be6 25.Qb2 Qb7 26.Nd2 Nd7 27.Be3 Nc5 28.Nc4 
Bxc4 29.Bxc4 Nxe4 30.Bxb3 Nxc3 31.a6 Qb5 32.Rac1 Qd3 33.a7 e4 34.Kh1 Rc7 
35.Bc2 Qa6 36.Qb8+ Rc8 37.Qb6 Qxb6 38.Bxb6 Nd5 39.Bxe4 Nxb6 40.Bxa8 Rxa8 
41.Re7 Bd4 42.Rb7 Bxf2 43.Rf1 Be3 44.Rfxf7 Nc8 45.Rfe7 Nxe7 46.Rb8+ Kf7 
47.Rxa8 Ke6 48.Kh2 h5 49.Kg3 g5 50.Kf3 Bc5 51.Ke4 Bb6 52.g3 Bc5 53.Rg8 
Bxa7 54.Rxg5 Bb8 55.Kf3 Nf5 1/2-1/2

[Event "36th Reggio Emilia it"]
[Site "Reggio Emilia ITA"]
[Date "1993.??.??"]
[Round "9"]
[White "Belotti, Bruno"]
[Black "Borgo, Giulio"]
[Result "1-0"]
[WhiteElo "2410"]
[BlackElo "2370"]
[EventDate "1993.12.??"]
[PlyCount "81"]

1.Nf3 c5 2.b3 d5 3.e3 Nf6 4.Bb2 e6 5.d4 Nbd7 6.Bd3 cxd4 7.exd4 Bb4+ 8.c3 
Bd6 9.O-O O-O 10.Qe2 Bc7 11.Nbd2 Re8 12.c4 b6 13.Rac1 dxc4 14.bxc4 Bb7 15.
Rfd1 Qe7 16.Ne4 Nxe4 17.Bxe4 Bxe4 18.Qxe4 Rac8 19.g3 Qb4 20.Qc2 Bd8 21.Qb3
Qd6 22.a4 Be7 23.Qb5 Red8 24.a5 Qc7 25.axb6 axb6 26.d5 e5 27.Re1 Bd6 28.
Nd2 Nc5 29.Re3 f5 30.Ba3 f4 31.Rec3 Nb7 32.Ne4 Bxa3 33.Rxa3 Nd6 34.Nxd6 
Rxd6 35.Ra6 f3 36.Ra3 e4 37.Re3 Qf7 38.Rxe4 g5 39.Rce1 Rd7 40.h3 Rc5 41.
Re8+ 1-0

[Event "36th Reggio Emilia it"]
[Site "Reggio Emilia ITA"]
[Date "1993.??.??"]
[Round "9"]
[White "Cvitan, Ognjen"]
[Black "Cebalo, Miso"]
[Result "1/2-1/2"]
[WhiteElo "2550"]
[BlackElo "2510"]
[EventDate "1993.12.??"]
[PlyCount "141"]

1.d4 Nf6 2.Nf3 c5 3.e3 g6 4.c4 Bg7 5.Nc3 O-O 6.Be2 d6 7.O-O Na6 8.b3 b6 9.
Bb2 Bb7 10.Qd2 Nc7 11.Rad1 a6 12.Qc2 Rb8 13.e4 cxd4 14.Nxd4 e5 15.Nf3 Qe7 
16.Rfe1 b5 17.Bf1 b4 18.Nd5 Ncxd5 19.cxd5 Bh6 20.Nd2 Rfc8 21.Nc4 a5 22.Qb1
Rc5 23.a3 Nd7 24.axb4 axb4 25.Qd3 Ba6 26.Qh3 Bxc4 27.Bxc4 Kg7 28.g3 Bg5 
29.Qf1 Ra5 30.Ra1 Rba8 31.h4 Bh6 32.Kg2 Nc5 33.Rxa5 Rxa5 34.Re2 Kg8 35.f4 
Bg7 36.f5 Bh6 37.Qf3 Ra2 38.Bb5 Qa7 39.Rf2 Qe7 40.Bd4 Rxf2+ 41.Bxf2 Qc7 
42.Be1 Qb8 43.Bc4 Kg7 44.h5 Bg5 45.Qg4 Kf6 46.fxg6 hxg6 47.Bf2 Qc7 48.Bb5 
Qe7 49.h6 Qd8 50.Qf3+ Ke7 51.Bxc5 dxc5 52.h7 Bf6 53.Qf2 Kf8 54.Qxc5+ Kg7 
55.d6 Kxh7 56.Bc4 Qa8 57.Bd5 Qa6 58.Bc4 Qa2+ 59.Qf2 Qxf2+ 60.Kxf2 Kg7 61.
Ke2 Bd8 62.g4 Bb6 63.Kd3 Kf6 64.Bd5 Bc5 65.d7 Ke7 66.Kc4 Bd4 67.Bc6 Bc3 
68.Kd5 f6 69.Bb5 Bd2 70.Kc6 Kd8 71.Kd6 1/2-1/2

[Event "36th Reggio Emilia it"]
[Site "Reggio Emilia ITA"]
[Date "1993.??.??"]
[Round "9"]
[White "Godena, Michele"]
[Black "Contin, Daniel"]
[Result "1-0"]
[WhiteElo "2505"]
[BlackElo "2370"]
[EventDate "1993.12.??"]
[PlyCount "45"]

1.e4 e6 2.d4 d5 3.Nd2 c5 4.exd5 exd5 5.Ngf3 Nf6 6.Bb5+ Bd7 7.Bxd7+ Nbxd7 
8.O-O Be7 9.Re1 O-O 10.dxc5 Nxc5 11.Nf1 Re8 12.Be3 Qa5 13.Bd4 Nce4 14.c3 
Rad8 15.Ne3 b5 16.Qb3 a6 17.Nxd5 Rxd5 18.Rxe4 Rdd8 19.Ne5 Rd5 20.Nc6 Qc7 
21.Nxe7+ Rxe7 22.Bxf6 Rxe4 23.Qxd5 1-0

[Event "36th Reggio Emilia it"]
[Site "Reggio Emilia ITA"]
[Date "1993.??.??"]
[Round "9"]
[White "Kozul, Zdenko"]
[Black "Arlandi, Ennio"]
[Result "1/2-1/2"]
[WhiteElo "2595"]
[BlackElo "2440"]
[EventDate "1993.12.??"]
[PlyCount "145"]

1.d4 d5 2.c4 e6 3.Nf3 Nf6 4.g3 Be7 5.Bg2 O-O 6.O-O dxc4 7.Na3 Bxa3 8.bxa3 
Bd7 9.Ne5 Bc6 10.Nxc6 Nxc6 11.Bb2 Nd5 12.Rc1 Nb6 13.g4 Qd6 14.e3 Rab8 15.
g5 Ne7 16.Qh5 Ned5 17.Rc2 Na4 18.Bc1 b5 19.f4 f5 20.gxf6 Nxf6 21.Qh3 Rbe8 
22.Kh1 c5 23.dxc5 Nxc5 24.Bb2 Qd3 25.Rfc1 Nce4 26.Bf1 Qd5 27.Qg2 Nc5 28.
Bd4 Rc8 29.Rd1 Rf7 30.Kg1 Qxg2+ 31.Bxg2 Rd7 32.Bh3 Kf7 33.Rg2 Nce4 34.Rc1 
g6 35.a4 b4 36.a5 c3 37.Rgc2 Rd5 38.Rb1 Rc4 39.Bf1 Rcxd4 40.exd4 Rxd4 41.
a3 Nd5 42.axb4 Nd2 43.Rbc1 Nxf1 44.Rxf1 Rxb4 45.Rf3 Ra4 46.Rfxc3 Nxc3 47.
Rxc3 Rxa5 48.Rc7+ Kf6 49.Rxh7 Ra2 50.h4 a6 51.h5 gxh5 52.Rxh5 a5 53.Kf1 a4
54.Ra5 a3 55.Ke1 Ke7 56.Ra6 Kf7 57.Ra5 Kg6 58.Kf1 Kg7 59.Ra7+ Kg6 60.Ra5 
Kf6 61.Ke1 Ke7 62.Ra6 Kd7 63.Kd1 Ra1+ 64.Kc2 Ke7 65.Ra7+ Kf6 66.Ra5 a2 67.
Kb2 Rf1 68.Kxa2 Rxf4 69.Kb3 Rd4 70.Kc3 e5 71.Ra1 Rd7 72.Rf1+ Ke6 73.Rf2 
1/2-1/2

[Event "36th Reggio Emilia it"]
[Site "Reggio Emilia ITA"]
[Date "1993.??.??"]
[Round "9"]
[White "Manca, Federico"]
[Black "Portisch, Lajos"]
[Result "1/2-1/2"]
[WhiteElo "2390"]
[BlackElo "2585"]
[EventDate "1993.12.??"]
[PlyCount "95"]

1.e4 c5 2.c3 e6 3.d4 d5 4.exd5 exd5 5.Nf3 Nc6 6.Bb5 Bd6 7.dxc5 Bxc5 8.O-O 
Ne7 9.Nbd2 O-O 10.Nb3 Bd6 11.Bd3 h6 12.h3 Bc7 13.Re1 Re8 14.Bc2 Bf5 15.Be3
Qd6 16.Nbd4 Nxd4 17.Bxd4 Bxc2 18.Qxc2 Nc6 19.Qd3 a6 20.Rad1 Rad8 21.Rxe8+ 
Rxe8 22.Be3 Rd8 23.Qf5 Qe6 24.Qb1 Qf6 25.Rd3 Qg6 26.Qd1 Qe4 27.Bd4 Qf4 28.
Be3 Qc4 29.a3 Qe4 30.Bd4 Qf5 31.Be3 Na5 32.Nd4 Qe4 33.Ne2 Nc4 34.Bc1 Bb6 
35.Nd4 Re8 36.Kf1 Qh4 37.b3 Nd6 38.Be3 Qf6 39.Nc2 Bxe3 40.Nxe3 Ne4 41.Qc2 
Qe5 42.Kg1 Rd8 43.Rd4 Nf6 44.Qd1 Rc8 45.Nxd5 Nxd5 46.Rxd5 Qxc3 47.Rd8+ 
Rxd8 48.Qxd8+ 1/2-1/2

[Event "36th Reggio Emilia it"]
[Site "Reggio Emilia ITA"]
[Date "1993.??.??"]
[Round "9"]
[White "Sarno, Spartaco"]
[Black "Tatai, Stefano"]
[Result "1/2-1/2"]
[WhiteElo "2390"]
[BlackElo "2440"]
[EventDate "1993.12.??"]
[PlyCount "72"]

1.Nf3 Nf6 2.c4 e6 3.g3 d5 4.b3 Be7 5.Bg2 O-O 6.O-O b6 7.Bb2 Bb7 8.e3 dxc4 
9.bxc4 c5 10.Qe2 Nc6 11.Nc3 Rc8 12.d3 Rc7 13.Ne1 Nb4 14.Bxb7 Rxb7 15.a3 
Nc6 16.f4 Ne8 17.g4 f6 18.Rd1 Nd6 19.Nf3 Qb8 20.Ba1 Nf7 21.Qg2 Nd6 22.h4 
Qc8 23.h5 Rf7 24.Nh4 Bf8 25.Ng6 Ne7 26.Nxf8 Kxf8 27.Ne4 Rd7 28.h6 Nxe4 29.
hxg7+ Rxg7 30.dxe4 Ng8 31.Rxd7 Qxd7 32.Qe2 e5 33.g5 Qh3 34.Qd2 Qg3+ 35.Kh1
Qh3+ 36.Kg1 Qg3+ 1/2-1/2

[Event "36th Reggio Emilia it"]
[Site "Reggio Emilia ITA"]
[Date "1993.??.??"]
[Round "10"]
[White "Borgo, Giulio"]
[Black "Godena, Michele"]
[Result "1/2-1/2"]
[WhiteElo "2370"]
[BlackElo "2505"]
[EventDate "1993.12.??"]
[PlyCount "30"]

1.e4 e5 2.Nf3 Nc6 3.Bb5 Nf6 4.O-O Bc5 5.c3 O-O 6.d4 Bb6 7.Bg5 h6 8.Bh4 d6 
9.Qd3 Qe7 10.Nbd2 Bg4 11.Rfe1 g5 12.Bg3 exd4 13.cxd4 Nh5 14.Rac1 Nxg3 15.
hxg3 Bd7 1/2-1/2

[Event "36th Reggio Emilia it"]
[Site "Reggio Emilia ITA"]
[Date "1993.??.??"]
[Round "10"]
[White "Cebalo, Miso"]
[Black "Kozul, Zdenko"]
[Result "0-1"]
[WhiteElo "2510"]
[BlackElo "2595"]
[EventDate "1993.12.??"]
[PlyCount "52"]

1.d4 Nf6 2.Nf3 g6 3.c4 Bg7 4.Nc3 d5 5.Bg5 Ne4 6.cxd5 Nxg5 7.Nxg5 e6 8.Qa4+
c6 9.dxc6 Nxc6 10.Nf3 Bd7 11.O-O-O b5 12.Nxb5 O-O 13.Qa3 Qb8 14.Nc3 Rc8 
15.e3 Bf8 16.Qb3 Qc7 17.Ba6 Rab8 18.Qc4 Nb4 19.Ne5 Nxa6 20.Qxc7 Rxc7 21.
Nxd7 Rxd7 22.a3 Rdb7 23.Rd2 Nc7 24.Rhd1 Nd5 25.Nxd5 exd5 26.Rc2 Rb3 0-1

[Event "36th Reggio Emilia it"]
[Site "Reggio Emilia ITA"]
[Date "1993.??.??"]
[Round "10"]
[White "Manca, Federico"]
[Black "Belotti, Bruno"]
[Result "1/2-1/2"]
[WhiteElo "2390"]
[BlackElo "2410"]
[EventDate "1993.12.??"]
[PlyCount "28"]

1.e4 e5 2.Nf3 Nc6 3.Bb5 a6 4.Ba4 Nf6 5.O-O Be7 6.Re1 b5 7.Bb3 d6 8.c3 O-O 
9.h3 Bb7 10.d4 Re8 11.Nbd2 Bf8 12.Bc2 Nb8 13.a4 Nbd7 14.b4 Nb6 1/2-1/2

[Event "36th Reggio Emilia it"]
[Site "Reggio Emilia ITA"]
[Date "1993.??.??"]
[Round "10"]
[White "Tatai, Stefano"]
[Black "Cvitan, Ognjen"]
[Result "0-1"]
[WhiteElo "2440"]
[BlackElo "2550"]
[EventDate "1993.12.??"]
[PlyCount "104"]

1.e4 c5 2.Nf3 e6 3.d4 cxd4 4.Nxd4 Nf6 5.Nc3 d6 6.g4 Nc6 7.g5 Nd7 8.Be3 Be7
9.h4 O-O 10.Qd2 a6 11.O-O-O Nxd4 12.Qxd4 b5 13.a3 Bb7 14.h5 Nc5 15.f3 Bxg5
16.Rg1 Bxe3+ 17.Qxe3 Qe7 18.Rxd6 Rac8 19.Qd4 e5 20.Qd2 Rfd8 21.Rxd8+ Rxd8 
22.Qg5 Qxg5+ 23.Rxg5 f6 24.Rg3 Kf7 25.Bh3 Bc8 26.Bxc8 Rxc8 27.Nd5 Nd3+ 28.
Kb1 Nf4 29.Nxf4 exf4 30.Rg4 Rc5 31.Rh4 Ke6 32.Kc1 Rg5 33.Rxf4 Rxh5 34.Kd2 
Rh2+ 35.Kd3 g6 36.Rg4 g5 37.f4 h5 38.Rg1 g4 39.b3 f5 40.c4 Rh3+ 41.Kd4 
Rxb3 42.c5 Rxa3 43.exf5+ Kxf5 44.Rc1 Ra4+ 45.Kd5 Ra2 46.c6 Rd2+ 47.Kc5 Rd8
48.Rh1 Rh8 49.c7 Kxf4 50.Kb6 Kg5 51.Kxa6 g3 52.Rb1 Rc8 0-1

[Event "36th Reggio Emilia it"]
[Site "Reggio Emilia ITA"]
[Date "1993.??.??"]
[Round "11"]
[White "Arlandi, Ennio"]
[Black "Cebalo, Miso"]
[Result "0-1"]
[WhiteElo "2440"]
[BlackElo "2510"]
[EventDate "1993.12.??"]
[PlyCount "72"]

1.d4 Nf6 2.c4 e6 3.Nc3 Bb4 4.Qc2 O-O 5.a3 Bxc3+ 6.Qxc3 Ne4 7.Qc2 f5 8.e3 
b6 9.Nh3 Bb7 10.f3 Nf6 11.Bd3 Nc6 12.O-O Ne7 13.b4 Qe8 14.Bb2 Qh5 15.Rae1 
a5 16.b5 Ng6 17.Qf2 Rae8 18.Qg3 d6 19.Qg5 Qxg5 20.Nxg5 Nd7 21.g3 h6 22.Nh3
e5 23.f4 Be4 24.Bxe4 fxe4 25.Nf2 Nf6 26.dxe5 dxe5 27.f5 Nh8 28.g4 Nf7 29.
a4 Rd8 30.Ba3 Rfe8 31.Re2 Rd3 32.Nxd3 exd3 33.Rd2 e4 34.c5 Ne5 35.cxb6 
cxb6 36.Rdd1 Nfxg4 0-1

[Event "36th Reggio Emilia it"]
[Site "Reggio Emilia ITA"]
[Date "1993.??.??"]
[Round "11"]
[White "Cvitan, Ognjen"]
[Black "Contin, Daniel"]
[Result "1/2-1/2"]
[WhiteElo "2550"]
[BlackElo "2385"]
[EventDate "1993.12.??"]
[PlyCount "78"]

1.Nf3 c5 2.g3 b6 3.Bg2 Bb7 4.c4 g6 5.O-O Bg7 6.Nc3 Nf6 7.d4 cxd4 8.Qxd4 d6
9.Be3 Nbd7 10.Rac1 Nc5 11.Rfd1 O-O 12.Qh4 Qc8 13.Bh6 Qg4 14.Qxg4 Nxg4 15.
Bxg7 Kxg7 16.Nd5 Nf6 17.Nd4 Bxd5 18.cxd5 a5 19.a3 a4 20.Nc6 Rfc8 21.Rc4 
Rc7 22.Rb4 Rb7 23.e3 g5 24.h3 Ne8 25.h4 h6 26.Nd4 Kg6 27.hxg5 hxg5 28.f4 
Nf6 29.Nc6 Nh5 30.Kf2 f5 31.fxg5 Kxg5 32.Nd4 Kf6 33.Nxf5 Kxf5 34.g4+ Ke5 
35.gxh5 Rh8 36.Bf3 Rbb8 37.Ke2 Rhg8 38.Rh1 Rg5 39.h6 Rh8 1/2-1/2

[Event "36th Reggio Emilia it"]
[Site "Reggio Emilia ITA"]
[Date "1993.??.??"]
[Round "11"]
[White "Godena, Michele"]
[Black "Manca, Federico"]
[Result "1/2-1/2"]
[WhiteElo "2505"]
[BlackElo "2390"]
[EventDate "1993.12.??"]
[PlyCount "69"]

1.e4 d6 2.d4 Nf6 3.Nc3 g6 4.Nf3 Bg7 5.Be2 O-O 6.O-O Bg4 7.h3 Bxf3 8.Bxf3 
Nc6 9.Ne2 e5 10.c3 Qe8 11.Qd3 Kh8 12.g3 Rd8 13.d5 Ne7 14.c4 Nd7 15.Nc3 f5 
16.b4 Nf6 17.Bg2 Qd7 18.Bb2 fxe4 19.Nxe4 Nxe4 20.Qxe4 Qa4 21.Bc3 Rf7 22.
Qd3 Rdf8 23.Rae1 Qd7 24.Re2 Qf5 25.Qe3 Qh5 26.Ree1 a6 27.Qa7 c6 28.dxc6 
Nxc6 29.Qb6 Nd4 30.Bxd4 exd4 31.Qxd6 Qf5 32.Re7 Rxe7 33.Qxe7 Qc2 34.Be4 
Qe2 35.Qxb7 1/2-1/2

[Event "36th Reggio Emilia it"]
[Site "Reggio Emilia ITA"]
[Date "1993.??.??"]
[Round "11"]
[White "Kozul, Zdenko"]
[Black "Tatai, Stefano"]
[Result "1/2-1/2"]
[WhiteElo "2595"]
[BlackElo "2440"]
[EventDate "1993.12.??"]
[PlyCount "49"]

1.d4 Nf6 2.c4 e6 3.Nf3 d5 4.g3 dxc4 5.Bg2 Nbd7 6.O-O Rb8 7.a4 Bb4 8.Na3 c3
9.bxc3 Bxc3 10.Rb1 a5 11.Nb5 Bb4 12.Bf4 Nd5 13.Rc1 O-O 14.Bxc7 Nxc7 15.
Rxc7 Nf6 16.Rc1 Bd7 17.Qd3 Qb6 18.e3 Rfc8 19.Ne5 Be8 20.Rfd1 Nd5 21.Nc4 
Qa6 22.Nb2 Qb6 23.Nc4 Qa6 24.Nb2 Qb6 25.Nc4 1/2-1/2

[Event "36th Reggio Emilia it"]
[Site "Reggio Emilia ITA"]
[Date "1993.??.??"]
[Round "11"]
[White "Sarno, Spartaco"]
[Black "Borgo, Giulio"]
[Result "1/2-1/2"]
[WhiteElo "2390"]
[BlackElo "2370"]
[EventDate "1993.12.??"]
[PlyCount "21"]

1.Nf3 Nf6 2.g3 g6 3.Bg2 Bg7 4.O-O O-O 5.c4 d6 6.Nc3 Nbd7 7.d4 e5 8.Qc2 
exd4 9.Nxd4 Re8 10.Rd1 c6 11.b3 1/2-1/2